| 000 -LEADER |
| fixed length control field |
00538cam a22001933a 4500 |
| 020 ## - INTERNATIONAL STANDARD BOOK NUMBER |
| ISBN |
0590483080 |
| 040 ## - CATALOGING SOURCE |
| Transcribing agency |
SCR |
| 082 ## - DEWEY DECIMAL CLASSIFICATION NUMBER |
| Classification number |
813 SCH 1994 A094 Or. |
| 100 1# - MAIN ENTRY--AUTHOR NAME |
| Personal name |
Martin, Ann M., |
| 245 10 - TITLE STATEMENT |
| Title |
Here come the bridesmaids! / |
| 260 ## - PUBLICATION, DISTRIBUTION, ETC. (IMPRINT) |
| Place of publication |
New York : |
| Name of publisher |
Scholastic, |
| Year of publication |
c1994. |
| 300 ## - PHYSICAL DESCRIPTION |
| Number of Pages |
231 p. : |
| Other physical details |
ill. ; |
| Dimensions |
20 cm. |
| 490 1# - SERIES STATEMENT |
| Series statement |
Baby-sitters Club super special ; |
| 500 ## - GENERAL NOTE |
| General note |
"An Apple paperback." |
| 650 #0 - SUBJECT ADDED ENTRY--TOPICAL TERM |
| Topical Term |
Babysitters |
| 650 #0 - SUBJECT ADDED ENTRY--TOPICAL TERM |
| Topical Term |
Babysitters |
| 710 2# - ADDED ENTRY--CORPORATE NAME |
| Corporate name or jurisdiction name as entry element |
Copyright Paperback Collection (Library of Congress) |
| 942 ## - ADDED ENTRY ELEMENTS (KOHA) |
| Koha item type |
សៀវភៅភាសាអង់គ្លេស |
| 952 ## - LOCATION AND ITEM INFORMATION (KOHA) |
| Withdrawn status [LOCAL, KOHA] |
0 |